000 00671cam a2200205 a 4500
001 000018001
005 20200929165319.0
008 760224s1949 it 000 p ita d
040 _aDO-SdBNP
_bita
_cLC
_dBNPHU
082 _a851.1
_bD192d
100 0 _aDante Alighieri,
_d1265-1321.
_94992
245 1 3 _aLa divina commedia :
_binferno /
_cDante Alighieri ; notas Lodovico Magugliani.
260 _aMilano :
_bRizzoli,
_c1949.
300 _a189 p. ;
_c16 cm.
650 4 _aPoesía italiana
_yANTERIOR A 1400
_939030
650 4 _aLiteratura italiana
_yANTERIOR A 1400
_913826
700 1 _aMagugliani, Lodovico.
_939031
910 _aCatalogación derivada
049 _aBNGR
999 _c17523
_d17523